Statystyki dla Najważniejsze postacie w historii krajów Europy

Kliknij tutaj aby rozwiązać quiz!

Ogólne statystyki

  • Ten quiz został rozwiązany 34 razy
  • Średni wynik to 5 z 47

Statystyki odpowiedzi

PaństwoPostać% Poprawnych
PolskaJózef Piłsudski
67%
AustriaFranciszek Józef I
50%
FrancjaNapoleon Bonaparte
50%
WatykanJan Paweł II
43%
GrecjaAleksander Wielki
37%
TurcjaMustafa Kemal Ataturk
30%
NiemcyOtto von Bismarck
30%
UkrainaBohdan Zenobi Chmielnicki
17%
Wielka BrytaniaWinston Churchill
17%
WłochyGiuseppe Garibaldi
13%
CzechyVaclav Havel
13%
BułgariaBorys I Michał
7%
FinlandiaCarl Gustaf Mannerheim
7%
PortugaliaHenryk Żeglarz
7%
SłowacjaJozef Tiso
7%
RosjaAleksander I Newski
3%
MaltaAnthony Mamo
3%
SzwecjaGustaw I Waza
3%
NorwegiaHarald I Pięknowłosy
3%
HiszpaniaIzabela I Kastylijska
3%
LiechtensteinJan Adam I
3%
LuksemburgJan I Luksemburski
3%
ŁotwaKarlis Ulmanis
3%
BiałoruśKonstanty Kalinowski
3%
WęgryLudwik I Wielki
3%
San MarinoMaryn z San Marino
3%
IrlandiaMichael Collins
3%
KazachstanNursułtan Nazarbajew
3%
AlbaniaSkanderbeg
3%
MołdawiaStefan III Wielki
3%
RumuniaTudor Vladimirescu
3%
HolandiaWilhem I Orański
3%
LitwaWitold Wielki
3%
KosowoAdem Jashari
0%
SzwajcariaAdrian von Bubenberg
0%
BelgiaAlbert I Koburg
0%
DaniaFryderyk VI Oldenburg
0%
AndoraHenryk IV Burbon
0%
EstoniaJohan Pitka
0%
IslandiaJon Arason
0%
MonakoKarol I Grimaldi
0%
SerbiaMiłosz I Obrenowić
0%
CzarnogóraPiotr II Petrowić-Niegosz
0%
SłoweniaRudolf Maister
0%
Macedonia PółnocnaSamuel Komitopul
0%
Bośnia i HercegowinaStjepan Vukic Kosaca
0%
ChorwacjaTomisław Chorwacki
0%

Rozkład punktacji

Percentyl według liczby udzielonych odpowiedzi

Procent ludzi z każdym wynikiem

Twoja historia wyników

Nie rozwiązałeś tego quizu